Desenuolvimiento do Programa de Finanças / (Record no. 153563)

MARC details
000 -LEADER
campo de control de longitud fija 01028nam a2200217 i 4500
001 - NÚMERO DE CONTROL
campo de control 153563
003 - IDENTIFICADOR DE NÚMERO DE CONTROL
campo de control ES-MaACL
005 - FECHA Y HORA DE LA ÚLTIMA TRANSACCIÓN
campo de control 20251011063142.0
008 - DATOS DE LONGITUD FIJA--INFORMACIÓN GENERAL
campo de control de longitud fija 931025s1870 po |||| | por d
100 1# - ENTRADA PRINCIPAL--NOMBRE DE PERSONA
Nombre de persona Jardim, António dos Santos Pereira,
Fechas asociadas al nombre 1821-1888
9 (RLIN) 150800
245 10 - MENCIÓN DEL TÍTULO
Título Desenuolvimiento do Programa de Finanças /
Mención de responsabilidad, etc. pelo... Antonio dos Sanctos Pereira Jardim.
260 ## - PUBLICACIÓN, DISTRIBUCIÓN, ETC.
Lugar de publicación, distribución, etc. Coimbra :
Nombre del editor, distribuidor, etc. [s.n.],
Fecha de publicación, distribución, etc. 1870 (
Fabricante Imp. de Universidade)
300 ## - DESCRIPCIÓN FÍSICA
Extensión 276 p. ;
Dimensiones 23 cm.
505 8# - NOTA DE CONTENIDO CON FORMATO
Nota de contenido con formato Contiene: Parte Primeira
505 8# - NOTA DE CONTENIDO CON FORMATO
Nota de contenido con formato Os preliminares du Sciencia e as questoes mais importantes da Theorica do imposto e dos serviços de Farenda...
505 8# - NOTA DE CONTENIDO CON FORMATO
Nota de contenido con formato Segundo as prelecçoes feitas no anno lectivo de 1868 a 1869
700 21 - ENTRADA AGREGADA--NOMBRE PERSONAL
Nombre de persona Universidade de Coimbra,
Término indicativo de función/relación
9 (RLIN) 222064
752 ## - ENTRADA AGREGADA--NOMBRE JERÁRQUICO DEL LUGAR
País o entidad superior Portugal -
Ciudad , Coimbra
852 ## - LOCALIZACIÓN
Ubicación ES-MaACL
Número de control de estantería G-7653
Nota libre -- Enc. pasta española
-- -- Dedicatoria ms. al Dr. Madrazo
Encuadernación -- Edic.: Corregir en el tit.: "Desenvolvimento ..." -- La paginación completa es: 294 p.
Holdings
Estatus retirado Estado de pérdida Estado de daño No para préstamo Colección Biblioteca de origen Biblioteca actual Ubicación en estantería Fecha de adquisición Fuente de adquisición Total de préstamos Signatura topográfica completa Código de barras Visto por última vez Precio de reemplazo Tipo de ítem Koha
        Libros del s. XIX Biblioteca del Ateneo de Madrid Biblioteca del Ateneo de Madrid Sala Pecera Planta 3 17/01/2008     G-7653 1160529 23/02/2023 23/02/2023 Libro impreso antiguo